Výchova ku kresťanskej dospelosti. : Kompendium katechetiky. /

Uložené v:
Podrobná bibliografia
Hlavný autor: Kišš, Igor (Author)
Médium: Kniha
Jazyk:Slovak
Vydané: Bratislava : VMV SECAV, 1994
Vydanie:1. vyd.
Témy:
ISBN: 8088747023 (brož.)
Fyzický popis: 166 s.
Tagy: Pridať tag
Žiadne tagy, Buďte prvý kto otaguje tento záznam!

MARC

LEADER 00000nam a2200000 a 4500
001 000073545
003 SVKK
005 20010430000000.0
008 000105s1994 xo e sloo
020 |a 8088747023 (brož.) 
040 |a SVKKK  |b slo  |c SVKKK  |e AACR2 
041 0 |a slo 
044 |a xo  |c SK 
080 |a 284.1:268(075.8)  |2 1997 
080 |a 268:284.1(075.8)  |2 1997 
100 1 |a Kišš, Igor  |4 aut 
245 1 0 |a Výchova ku kresťanskej dospelosti. :  |b Kompendium katechetiky. /  |c Igor Kišš 
250 |a 1. vyd. 
260 |a Bratislava :  |b VMV SECAV,  |c 1994 
300 |a 166 s. 
653 0 |a cirkev evanjelická  |2 SVKKKPH 
653 0 |a katechetika  |2 SVKKKPH 
653 0 |a učebnice VŠ  |2 SVKKKPH 
655 7 |a učebnice vysokých škôl  |2 SVKKKPH 
910 |a svkkk 
919 |a 80-88747-02-3 
974 |a MI  |d 20000105 
974 |a PA  |d 20000105 
974 |a PA  |d 20010430 
998 |a BK 
090 |g SCKHL  |k Sklad Pribinova 2. posch.  |a III.162168  |j 869333  |i 2720074786  |s Absenčne